| 000 | 01212cam a22002771i 4500 | ||
|---|---|---|---|
| 003 | OSt | ||
| 005 | 20260106131534.0 | ||
| 008 | 260104s2015 le g b 000 0 ara c | ||
| 020 | _a9786144372319 | ||
| 040 |
_aSA-JeALM _bara _cSA-RiAUC _erda |
||
| 082 | 0 | 4 |
_a243 _qSA-RiAUC |
| 090 |
_a243 _bف ر ح |
||
| 100 | 1 |
_aالفرحان، عبد الرحمن يوسف _eمؤلف. |
|
| 245 | 1 | 0 |
_aمعترك المنايا ما بين الستين إلى السبعين سنة / _bوذكر الأعمار من العشرين إلى التسعين _cعبد الرحمن يوسف الفرحان. |
| 250 | _aالطبعة الأولى. | ||
| 264 | 1 |
_aبيروت : _aالمنامة: _bدار البشائر الإسلامية، _bمكتبة نظام اليعقوبي الخاصة، _c2015 |
|
| 300 |
_a949 صفحة ؛ _c24 سم. |
||
| 336 |
_aنص _btxt _2rdacontent _3كتاب |
||
| 337 |
_aبدون وسيط _bn _2rdamedia |
||
| 338 |
_aمجلد _bnc _2rdacarrier |
||
| 490 | 0 |
_aسلسلة دراسات وبحوث، دار البشائر ؛ _v20 |
|
| 504 | _aيشتمل على ببليوجرافية. | ||
| 650 | 7 |
_aالموت (إسلام) _2aucsh |
|
| 942 |
_2ddc _cBOOK _n0 |
||
| 949 |
_aSA-JeALM _d260104 _uosman123 _n1 |
||
| 999 |
_c13920 _d13920 |
||